000 00538nam a2200169Ia 4500
008 090711s9999 xx 000 0 und d
082 _b51238
100 _aनेरुरकर प्र. श्री.
245 _aबकुळीSाी फुले
260 _c1985
300 _a91
600 _aनेरुरकर प्र. श्री.
630 _aबकुळीSाी फुले
700 _aनेरुरकर प्र. श्री.
730 _aबकुळीSाी फुले
942 _cBOOK
999 _c287038
_d287038